000 00513nam a2200145 4500
008 231207b1996 |||||||| |||| 00| 0 eng d
082 _a291.178
_bASI
110 _aAsian Conference on Religion and Peace
245 _aOur Asian neighborhood:
_bthe fifth assembly of the Asian conference on religion and peace
_nACRP V
260 _a[Ayutthaya]:
_b[The conference],
_c1996
300 _aix, 294 p. : ill. ; 21 cm
650 _aAsia-Social conditions- Congresses
650 _aPeace- Religious aspects
942 _cRP
999 _c4301
_d4301